| 000 | 00423nam a2200157Ia 4500 | ||
|---|---|---|---|
| 008 | 210210b1994 xxu||||| |||| 00| 0 eng d | ||
| 020 | _a0 333 14966 1 | ||
| 082 | _a820.9 DYSB | ||
| 100 | _aDYSON (A E), Ed. | ||
| 245 | _aBrowning: men and women and other poems. | ||
| 260 |
_aLondon. _bMacmillan Education _c1994 |
||
| 300 | _a256 | ||
| 650 | _aCasebook Browning Poems | ||
| 690 | _aEnglish Crit | ||
| 906 | _a0 | ||
| 999 |
_c100017 _d100017 |
||